Normal view MARC view

Entry Meeting Name

Number of records used in: 1

001 - CONTROL NUMBER

  • control field: 8428

003 - CONTROL NUMBER IDENTIFIER

  • control field: OSt

005 - DATE AND TIME OF LATEST TRANSACTION

  • control field: 20211105133009.0

008 - FIXED-LENGTH DATA ELEMENTS

  • fixed length control field: 211105|| aca||aabn | a|a d

040 ## - CATALOGING SOURCE

  • Original cataloging agency: OSt
  • Transcribing agency: OSt

111 ## - HEADING--MEETING NAME

  • Meeting name or jurisdiction name as entry element: International Astronomical Union Symposium (Copernicus Symposium)
  • Number of part/section/meeting: 2nd
  • Location of meeting: Cracow, Poland
  • Date of meeting or treaty signing: 1973 Sep. 10-12

670 ## - SOURCE DATA FOUND

  • Source citation: Work cat.: (OSt): International Astronomical Union Symposium (Copernicus Symposium) 2nd Cracow, Poland 1973 Sep. 10-12, Confrontation of cosmological theories with observational data, 1974

Powered by Koha